00900 a2200193 4500003000500000005001700005010001700022020002800039040000900067082001600076100002400092245007200116250001200188260003700200300002900237505031400266650003500580856009100615Nust20220811091914.0 a 2004045730 a0849318920 (alk. paper) cNust00a621.381,ATT1 aAttia, John Okyere.10aElectronics and circuit analysis using MATLAB /cJohn Okyere Attia. a2nd ed. aBoca Raton :bCRC Press,cc2004. a393 p. :bill. ;c25 cm. aMat lab Fundamentals (Page-1), Plotting Functions (Page-25), Control Statement (Page-43), DC analysis (Page-63), Transient analysis (Page-87), AC analysis and network (Page-117), Two-part network (Page-151), Semiconductor Physic (Page-247), Transistor circuits (Page-315), Electronic data analysis (Page-361). 0aTelecommunication Engineering.423Publisher descriptionuhttp://www.loc.gov/catdir/enhancements/fy0646/2004045730-d.html